Śrīmadanasiṃhadevaviracite Madanaratnapradīpe dānavivekoddyotaḥ. (Record no. 65006)

MARC details
000 -LEADER
fixed length control field 01063cam a22003131 4500
001 - CONTROL NUMBER
control field sa 65007021
003 - CONTROL NUMBER IDENTIFIER
control field DLC
005 - DATE AND TIME OF LATEST TRANSACTION
control field 20260227112146.0
008 - FIXED-LENGTH DATA ELEMENTS--GENERAL INFORMATION
fixed length control field 900209m19649999ii 000 0 sano
010 ## - LIBRARY OF CONGRESS CONTROL NUMBER
LC control number sa 65007021
035 ## - SYSTEM CONTROL NUMBER
System control number (OCoLC)21027530
040 ## - CATALOGING SOURCE
Original cataloging agency DLC
Transcribing agency WaU
Modifying agency DLC
042 ## - AUTHENTICATION CODE
Authentication code premarc
050 00 - LIBRARY OF CONGRESS CALL NUMBER
Classification number BL1228.5
Item number .M32
100 0# - MAIN ENTRY--PERSONAL NAME
Personal name Madanasiṃhadeva,
Dates associated with a name active 1425-1450.
245 10 - TITLE STATEMENT
Title Śrīmadanasiṃhadevaviracite Madanaratnapradīpe dānavivekoddyotaḥ.
260 ## - PUBLICATION, DISTRIBUTION, ETC.
Date of publication, distribution, etc. 1964-
300 ## - PHYSICAL DESCRIPTION
Extent v.
Dimensions 22 cm.
490 1# - SERIES STATEMENT
Series statement Osmania University, Hyderabad, India. Sanskrit Academy. Sanskrit Academy series ;
Volume/sequential designation no. 10, A. 8
500 ## - GENERAL NOTE
General note Vol. 1 has added t. p.: Madanaratnapradīpa: Danavivekoddyotaḥ.
500 ## - GENERAL NOTE
General note In Sanskrit; foreword in English.
650 #0 - SUBJECT ADDED ENTRY--TOPICAL TERM
Topical term or geographic name entry element Hinduism
General subdivision Charities.
700 1# - ADDED ENTRY--PERSONAL NAME
Personal name Sharma, Aryendra,
Dates associated with a name 1910-
700 1# - ADDED ENTRY--PERSONAL NAME
Personal name Deshapande, Khanderao.
700 1# - ADDED ENTRY--PERSONAL NAME
Personal name Pādhye, Da. Go.
740 0# - ADDED ENTRY--UNCONTROLLED RELATED/ANALYTICAL TITLE
Uncontrolled related/analytical title Madanaratnapradīpe Danāvivekoddyotaḥ.
740 0# - ADDED ENTRY--UNCONTROLLED RELATED/ANALYTICAL TITLE
Uncontrolled related/analytical title Danāvivekoddyotaḥ.
830 #0 - SERIES ADDED ENTRY--UNIFORM TITLE
Uniform title Sanskrit Academy series ;
Volume/sequential designation no. 10, A. 8.

No items available.

Powered by Koha